000 00359pab a2200157 454500
008 180718b2004 xxu||||| |||| 00| 0 eng d
100 _aChakravarty, P.K.
245 _aCommitted to safety and security
260 _c2004
300 _ap.67-69.
362 _aAug
650 _aRailways - India
650 _aRailways
773 _aYojana
909 _a61880
999 _c61880
_d61880